000 00635nam a2200205Ia 4500
005 20260429112254.0
008 260429s9999||||xx |||||||||||||| ||und||
020 _a9789004689411
041 _aEnglish
082 _a341.44
_bLIU
100 _aLiu, Yang
245 0 _aInternational watercourses law and multilateral environmental agreements :
_ba case for the integrated protection and preservation of shared inland water ecosystems /
_cYang Liu
250 _a1st ed.
260 _aLeiden :
_bBrill,
_c2024.
300 _axiii, 611 p.; hb
650 _a Environment
650 _a Law
650 _aWatercourses
942 _cTB
999 _c53238
_d53238